000 00525nam a2200181Ia 4500
008 100917s9999 xx 000 0 und d
082 _b19921
100 _a---
245 _aघटकाभर करमणूक निवळ मासळा
260 _b---
_c1823
300 _a59
365 _b0
520 _a---
630 _aघटकाभर करमणूक निवळ मासळा
650 _a---
730 _aघटकाभर करमणूक निवळ मासळा
942 _cBOOK
999 _c625315
_d625312